000 00673nam a2200253Ia 4500
003 OSt
005 20220924151937.0
006 a|||||r|||| 00| 0
007 ta
008 220923b |||||||| |||| 00| 0 mar d
020 _c10
024 _a340052
037 _cTextual
040 _aARTS
_cARTS
_bmar
041 _2mar
_amar
082 _aO155,1xM5, K9
100 _aDhable V.R. Ed.
_9225350
245 0 _aMarathi kavita
_b prachin kaalkhand
260 _c1969
650 _aMARATHI LITERATURE
_938000
700 _a Kulkarni V.D.
_9225351
942 _hO155,1xM5, K9
_cTEXL
_2CC
999 _c468142
_d468142